|
|
|
|
| LEADER |
01428cam a2200349Ia 4500 |
| 001 |
9780203988848 |
| 003 |
FlBoTFG |
| 005 |
20110119191317.0 |
| 006 |
a|||||s||||||||||| |
| 007 |
cr|||| |
| 008 |
110119s1993 enk sb 001 0 eng d |
| 010 |
|
|
|a 92024484
|
| 020 |
|
|
|a 9780203988848 (e-book : PDF)
|
| 040 |
|
|
|a FlBoTFG
|c FlBoTFG
|d GrThAP
|
| 090 |
|
|
|a BP130.45
|b .A67 1993
|
| 092 |
|
|
|a 297.1226
|b A652
|
| 245 |
0 |
0 |
|a Approaches to the Qurản
|h [electronic resource] /
|c edited by G.R. Hawting and Abdul-Kader A. Shareef.
|
| 260 |
|
|
|a London ;
|a New York :
|b Routledge,
|c 1993.
|
| 300 |
|
|
|a x, 336 p. ;
|c 23 cm.
|
| 490 |
1 |
|
|a Routledge/SOAS series on contemporary politics and culture in the Middle East
|
| 504 |
|
|
|a Includes bibliographical references (p. [314]-325) and indexes.
|
| 530 |
|
|
|a Also available in print edition.
|
| 533 |
|
|
|a Electronic reproduction.
|b [London, Eng. :
|b Taylor and Francis,
|d 2010].
|n PDF file created from digital scan of print book.
|
| 630 |
0 |
0 |
|a Koran
|x Criticism, interpretation, etc.
|x History.
|
| 630 |
0 |
0 |
|a Koran
|x Hermeneutics.
|
| 655 |
|
7 |
|a Electronic books.
|2 lcsh
|
| 700 |
1 |
|
|a Hawting, G. R.
|q (Gerald R.),
|d 1944-
|
| 700 |
1 |
|
|a Shareef, Abdul-Kader A.
|
| 776 |
1 |
|
|z 9780415057554
|
| 776 |
1 |
|
|z 0415057558
|
| 830 |
|
0 |
|a Routledge/SOAS contemporary politics and culture in the Middle East series.
|
| 856 |
4 |
0 |
|u http://www.tandfebooks.com/isbn/9780203988848
|z Full Text via HEAL-Link
|